Minecraft 1.20.5 Advancements and Criteria - Statistics

General Stats
  • This quiz has been taken 49 times
  • The average score is 221 of 325
Answer Stats
Hint Answer % Correct
Advancement Diamonds!
100%
Advancement The End?
100%
Advancement The End
100%
Advancement Eye Spy
93%
Advancement Getting an Upgrade
93%
Advancement Isn't It Iron Pick
93%
Advancement Minecraft
93%
Advancement Nether
93%
Advancement Stone Age
93%
Advancement A Terrible Fortress
86%
Mobs to Breed Cat
86%
Advancement Cover Me with Diamonds
86%
Monster Killed Creeper
86%
Biome Desert
86%
Advancement Enchanter
86%
Advancement | Effect Hero of the Village
86%
Advancement How Did We Get Here?
86%
Advancement Monster Hunter
86%
Advancement Not Today, Thank You
86%
Biome Ocean
86%
Advancement Suit Up
86%
Advancement We Need to Go Deeper
86%
Advancement A Balanced Diet
79%
Advancement Acquire Hardware
79%
Advancement Adventuring Time
79%
Advancement A Furious Cocktail
79%
Advancement Arbalistic
79%
Nether Biome Basalt Deltas
79%
Advancement Beaconator
79%
Mobs to Breed Bee
79%
Food Beetroot
79%
Food Beetroot Soup
79%
Monster Killed Blaze
79%
Effect Blindness
79%
Food Bread
79%
Advancement Bullseye
79%
Food Carrot
79%
Monster Killed Cave Spider
79%
Mobs to Breed Chicken
79%
Effect Conduit Power
79%
Food Cooked Chicken
79%
Food Cooked Mutton
79%
Food Cooked Porkchop
79%
Food Cooked Rabbit
79%
Mobs to Breed Cow
79%
Nether Biome Crimson Forest
79%
Effect Darkness
79%
Effect Dolphin's Grace
79%
Mobs to Breed Donkey
79%
Food Enchanted Golden Apple
79%
Monster Killed Ender Dragon
79%
Monster Killed Enderman
79%
Monster Killed Endermite
79%
Monster Killed Evoker
79%
Effect Fire Resistance
79%
Biome Forest
79%
Mobs to Breed Frog
79%
Biome Frozen Ocean
79%
Monster Killed Ghast
79%
Food Golden Apple
79%
Food Golden Carrot
79%
Effect Haste
79%
Mobs to Breed | Monster Killed Hoglin
79%
Mobs to Breed Horse
79%
Advancement Hot Stuff
79%
Monster Killed Husk
79%
Advancement Ice Bucket Challenge
79%
Biome Ice Spikes
79%
Advancement Into Fire
79%
Effect Jump Boost
79%
Biome Jungle
79%
Effect Levitation
79%
Monster Killed Magma Cube
79%
Biome Mangrove Swamp
79%
Effect Mining Fatigue
79%
Mobs to Breed Mooshroom
79%
Mobs to Breed Mule
79%
Food Mushroom Stew
79%
Effect Nausea
79%
Nether Biome Nether Wastes
79%
Mobs to Breed Ocelot
79%
Advancement Oh Shiny
79%
Mobs to Breed Panda
79%
Mobs to Breed Pig
79%
Monster Killed Piglin
79%
Monster Killed Piglin Brute
79%
Monster Killed Pillager
79%
Biome Plains
79%
Effect Poison
79%
Food Potato
79%
Mobs to Breed Rabbit
79%
Food Rabbit Stew
79%
Monster Killed Ravager
79%
Food Raw Beef
79%
Food Raw Chicken
79%
Food Raw Mutton
79%
Food Raw Porkchop
79%
Effect Regeneration
79%
Advancement Remote Getaway
79%
Mobs to Breed Sheep
79%
Monster Killed Shulker
79%
Monster Killed Silverfish
79%
Monster Killed Skeleton
79%
Effect Slowness
79%
Advancement Sniper Duel
79%
Wolves Snowy
79%
Biome Snowy Plains
79%
Nether Biome Soul Sand Valley
79%
Effect Speed
79%
Monster Killed Spider
79%
Food Steak
79%
Monster Killed Stray
79%
Effect Strength
79%
Mobs to Breed Strider
79%
Biome Taiga
79%
Advancement The City at the End of the Game
79%
Advancement Those Were the Days
79%
Advancement Uneasy Alliance
79%
Armor Trim | Monster Killed Vex
79%
Monster Killed Vindicator
79%
Nether Biome Warped Forest
79%
Effect Weakness
79%
Monster Killed Witch
79%
Effect | Monster Killed Wither
79%
Monster Killed Wither Skeleton
79%
Mobs to Breed Wolf
79%
Monster Killed Zombie
79%
Monster Killed Zombie Villager
79%
Monster Killed Zombified Piglin
79%
Effect Absorption
71%
Food Apple
71%
Mobs to Breed Axolotl
71%
Biome Badlands
71%
Effect Bad Omen
71%
Food Baked Potato
71%
Biome Bamboo Jungle
71%
Biome Beach
71%
Biome Birch Forest
71%
Cats | Wolves Black
71%
Advancement Bring Home the Beacon
71%
Mobs to Breed Camel
71%
Food Chorus Fruit
71%
Biome Cold Ocean
71%
Food Cooked Cod
71%
Food Cooked Salmon
71%
Biome Dark Forest
71%
Biome Deep Cold Ocean
71%
Biome Deep Frozen Ocean
71%
Monster Killed Drowned
71%
Monster Killed Elder Guardian
71%
Biome Eroded Badlands
71%
Mobs to Breed Fox
71%
Advancement Free the End
71%
Advancement Great View From Up Here
71%
Monster Killed Guardian
71%
Advancement Hidden in the Depths
71%
Effect Invisibility
71%
Cats Jellie
71%
Advancement Monsters Hunted
71%
Biome Mushroom Fields
71%
Effect Night Vision
71%
Advancement Ol' Betsy
71%
Monster Killed Phantom
71%
Food Poisonous Potato
71%
Food Pufferfish
71%
Food Pumpkin Pie
71%
Food Raw Cod
71%
Food Raw Rabbit
71%
Food Raw Salmon
71%
Cats Red
71%
Effect Resistance
71%
Advancement Return to Sender
71%
Armor Trim Rib
71%
Food Rotten Flesh
71%
Biome Savanna
71%
Armor Trim Silence
71%
Monster Killed Slime
71%
Effect Slow Falling
71%
Advancement Sneak 100
71%
Biome Snowy Taiga
71%
Biome Sparse Jungle
71%
Food Spider Eye
71%
Biome Stony Shore
71%
Food Suspicious Stew
71%
Biome Swamp
71%
Food Sweet Berries
71%
Cats Tabby
71%
Advancement The End... Again...
71%
Advancement Total Beelocation
71%
Food Tropical Fish
71%
Armor Trim Ward
71%
Biome Warm Ocean
71%
Effect Water Breathing
71%
Advancement What a Deal!
71%
Cats White
71%
Advancement Who's the Pillager Now?
71%
Biome Wooded Badlands
71%
Monster Killed Zoglin
71%
Advancement Zombie Doctor
71%
Advancement A Complete Catalogue
64%
Advancement Adventure
64%
Advancement Bee Our Guest
64%
Cats British Shorthair
64%
Cats Calico
64%
Biome Cherry Grove
64%
Food Cookie
64%
Advancement Country Lode, Take Me Home
64%
Advancement Cover Me In Debris
64%
Biome Deep Lukewarm Ocean
64%
Biome Deep Ocean
64%
Food Dried Kelp
64%
Advancement Feels Like Home
64%
Biome Flower Forest
64%
Food Glow Berries
64%
Effect Glowing
64%
Food Honey Bottle
64%
Advancement Hot Tourist Destinations
64%
Effect Hunger
64%
Advancement Husbandry
64%
Advancement Local Brewery
64%
Biome Lukewarm Ocean
64%
Food Melon Slice
64%
Advancement Not Quite "Nine" Lives
64%
Biome Old Growth Birch Forest
64%
Cats Persian
64%
Biome River
64%
Biome Savanna Plateau
64%
Advancement Sky's the Limit
64%
Biome Snowy Beach
64%
Biome Snowy Slopes
64%
Armor Trim Spire
64%
Advancement Subspace Bubble
64%
Advancement Take Aim
64%
Advancement This Boat Has Legs
64%
Mobs to Breed Turtle
64%
Advancement Two by Two
64%
Advancement Voluntary Exile
64%
Advancement War Pigs
64%
Advancement Who is Cutting Onions?
64%
Advancement Withering Heights
64%
Advancement Caves & Cliffs
57%
Biome Deep Dark
57%
Biome Dripstone Caves
57%
Biome Frozen River
57%
Mobs to Breed Goat
57%
Biome Grove
57%
Advancement Hired Help
57%
Advancement Is It a Bird?
57%
Advancement Is It a Plane?
57%
Biome Jagged Peaks
57%
Advancement Little Sniffs
57%
Mobs to Breed Llama
57%
Biome Lush Caves
57%
Biome Meadow
57%
Biome Old Growth Pine Taiga
57%
Biome Old Growth Spruce Taiga
57%
Advancement Postmortal
57%
Cats Ragdoll
57%
Cats Siamese
57%
Mobs to Breed Sniffer
57%
Armor Trim Snout
57%
Advancement Spooky Scary Skeleton
57%
Advancement Star Trader
57%
Advancement Sticky Situation
57%
Biome Sunflower Plains
57%
Advancement The Healing Power of Friendship
57%
Cats Tuxedo
57%
Advancement Two Birds, One Arrow
57%
Advancement Wax Off
57%
Advancement Wax On
57%
Advancement Whatever Floats Your Goat!
57%
Biome Windswept Gravelly Hills
57%
Biome Windswept Savanna
57%
Advancement You Need a Mint
57%
Advancement A Seedy Place
50%
Advancement Best Friends Forever
50%
Wolves Chestnut
50%
Advancement Sweet Dreams
50%
Advancement The Cutest Predator
50%
Advancement The Next Generation
50%
Armor Trim Wayfinder
50%
Advancement When the Squad Hops into Town
50%
Biome Windswept Forest
50%
Biome Windswept Hills
50%
Advancement With Our Powers Combined!
50%
Advancement A Throwaway Joke
43%
Advancement Birthday Song
43%
Biome Frozen Peaks
43%
Advancement Is It a Balloon?
43%
Advancement It Spreads
43%
Wolves Pale
43%
Advancement Planting the Past
43%
Advancement Serious Dedication
43%
Advancement Sound of Music
43%
Biome Stony Peaks
43%
Advancement The Parrots and the Bats
43%
Advancement The Power of Books
43%
Advancement The Whole Pack
43%
Advancement You've Got a Friend in Me
43%
Advancement Fishy Business
36%
Advancement Shear Brilliance
36%
Advancement Smithing with Style
36%
Wolves Spotted
36%
Wolves Striped
36%
Advancement Surge Protector
36%
Advancement Tactical Fishing
36%
Armor Trim Tide
36%
Advancement Very Very Frightening
36%
Advancement Bukkit Bukkit
29%
Advancement Careful Restoration
29%
Advancement Crafting a New Look
29%
Advancement Smells Interesting
29%
Wolves Ashen
21%
Advancement Light as a Rabbit
21%
Advancement Respecting the Remnants
21%
Wolves Rusty
21%
Wolves Woods
21%
Advancement Glow and Behold
14%
Advancement Good as New
14%
Advancement Isn't It Scute?
7%
No matching quizzes found
Score Distribution
Percent of People with Each Score
Percentile by Number Answered
Your Score History
You have not taken this quiz